[Event "Grenzturnering 10th"]
[Site "Leck,Tonder,Niebuell,Logumklo"]
[Date "2020.02.03"]
[Round "6"]
[White "Heinemann, Guido"]
[Black "Langner, Michel"]
[Result "1-0"]
[WhiteElo "1854"]
[BlackElo "1811"]
[PlyCount "49"]
[EventDate "2019.09.20"]
[EventType "swiss"]
[EventRounds "9"]
[EventCountry "DEN"]
[SourceTitle "EXT 2021"]
[Source "ChessBase"]
[SourceDate "2020.10.23"]
[SourceVersion "1"]
[SourceVersionDate "2020.10.23"]
[SourceQuality "1"]

1. e4 e5 2. d4 exd4 3. c3 dxc3 4. Bc4 Qf6 5. Nxc3 Bb4 6. Bd2 Ne7 7. Nf3 d6 8. a3 Bxc3 9. Bxc3 Qg6 10. Qe2 0-0 11. 0-0-0 Be6 12. Bd3 Bb3 13. Rd2 Nbc6 14. h4 Qg4 15. Rh3 f6 16. Qe3 Ne5 17. Bxe5 fxe5 18. Be2 Qxg2 19. Qxb3+ Kh8 20. Ng5 Qxf2 21. Rf3 Rxf3 22. Bxf3 Qg1+ 23. Kc2 h6 24. Ne6 b6 25. Rg2 1-0

[Event "Esbjerg Autumn 2nd"]
[Site "Esbjerg"]
[Date "2019.10.18"]
[Round "3"]
[White "Easwaralingam, Adesh"]
[Black "Heinemann, Guido"]
[Result "1-0"]
[WhiteElo "2042"]
[BlackElo "1858"]
[PlyCount "75"]
[EventDate "2019.10.18"]
[EventType "swiss"]
[EventRounds "7"]
[EventCountry "DEN"]
[SourceTitle "CBM 192 Extra"]
[Source "Chessbase"]
[SourceDate "2019.11.06"]
[SourceVersion "1"]
[SourceVersionDate "2019.11.06"]
[SourceQuality "1"]

1. e4 e5 2. Nf3 Nc6 3. Bc4 Nf6 4. d3 Bc5 5. 0-0 0-0 6. c3 Re8 7. a4 h6 8. b4 Bf8 9. Qb3 Qe7 10. Nh4 d6 11. Ng6 Qd7 12. a5 Nd8 13. f4 Ne6 14. fxe5 dxe5 15. Nxe5 Qd6 16. Nf3 b6 17. e5 Qc6 18. exf6 bxa5 19. bxa5 Ba6 20. Bd5 Qc5+ 21. d4 Qb5 22. Qxb5 Bxb5 23. c4 c6 24. Bxe6 Ba6 25. Bxf7+ Kxf7 26. Ne5+ Ke6 27. f7 Re7 28. Nxc6 Rd7 29. d5+ Kd6 30. Bf4+ Kc5 31. Nb8 Rxb8 32. Bxb8 Bxc4 33. Rc1 Kb4 34. Nc3 Bc5+ 35. Kh1 Bb3 36. Ne4 Bf8 37. Bd6+ Bxd6 38. Nxd6 1-0

[Event "Varde Weekend Mester"]
[Site "Varde"]
[Date "2017.05.07"]
[Round "4"]
[White "Christensen, Anders"]
[Black "Heinemann, Guido"]
[Result "0-1"]
[WhiteElo "1962"]
[BlackElo "1894"]
[PlyCount "82"]
[EventDate "2017.05.05"]
[EventType "tourn"]
[EventRounds "5"]
[EventCountry "DEN"]
[SourceTitle "EXT 2023"]
[Source "ChessBase"]
[SourceDate "2022.10.05"]
[SourceVersion "1"]
[SourceVersionDate "2022.10.05"]
[SourceQuality "1"]

1. e4 e5 2. Nf3 Nc6 3. Bb5 a6 4. Ba4 Nf6 5. d3 d6 6. 0-0 Be7 7. c3 0-0 8. Re1 Bg4 9. Bg5 Nh5 10. Bxe7 Nxe7 11. Nbd2 Nf4 12. Qc2 Neg6 13. d4 b5 14. Bb3 Qd7 15. Re3 exd4 16. cxd4 Bh5 17. Ne1 Ne2+ 18. Rxe2 Bxe2 19. Ndf3 Bxf3 20. Nxf3 Nf4 21. h3 Rac8 22. Rd1 Qe7 23. Qc6 Rfe8 24. Qxa6 Qf6 25. Qxb5 Nxh3+ 26. Kf1 c6 27. Qb7 Nf4 28. e5 dxe5 29. dxe5 Qg6 30. Nh4 Qh5 31. g4 Qxg4 32. Qxf7+ Kh8 33. Rd4 Qh3+ 34. Ke1 Rxe5+ 35. Kd2 Re2+ 36. Kc1 Re1+ 37. Kd2 Rce8 38. Bc4 R1e2+ 39. Bxe2 Rxe2+ 40. Kc1 Qf1+ 41. Rd1 Nd3+ 0-1

[Event "Grenzturnering 1617"]
[Site "Denmark"]
[Date "2016.09.27"]
[Round "1"]
[White "Kristensen, Karl Martin"]
[Black "Heinemann, Guido"]
[Result "0-1"]
[WhiteElo "1108"]
[BlackElo "1817"]
[PlyCount "68"]
[EventDate "2016.09.27"]
[EventType "swiss"]
[EventRounds "9"]
[EventCountry "DEN"]
[SourceTitle "EXT 2023"]
[Source "ChessBase"]
[SourceDate "2022.10.05"]
[SourceVersion "1"]
[SourceVersionDate "2022.10.05"]
[SourceQuality "1"]

1. c4 e6 2. Nc3 b6 3. e4 Bb7 4. d3 g6 5. Be3 Bg7 6. Nf3 Ne7 7. Be2 0-0 8. 0-0 d5 9. cxd5 exd5 10. Bd4 f6 11. Qb3 Kh8 12. e5 Nd7 13. exf6 Nxf6 14. Ng5 Qd7 15. f4 h6 16. Nf3 Nf5 17. Bf2 Ng4 18. Nd1 Rae8 19. Re1 Nxf2 20. Nxf2 Nd4 21. Nxd4 Bxd4 22. Bf3 Rxe1+ 23. Rxe1 Re8 24. Re2 Rxe2 25. Bxe2 Qe6 26. Kf1 Qe3 27. Nh3 Bc8 28. g4 Qxh3+ 29. Ke1 Qh4+ 30. Kd1 Bxg4 31. Qxd5 Bxe2+ 32. Kxe2 Qf2+ 33. Kd1 Qf1+ 34. Kc2 Qe2+ 0-1

[Event "Grenzturnering Master 1516"]
[Site "Denmark"]
[Date "2016.05.03"]
[Round "8"]
[White "Isler, Benjamin"]
[Black "Heinemann, Guido"]
[Result "1-0"]
[WhiteElo "1651"]
[BlackElo "1707"]
[PlyCount "43"]
[EventDate "2015.10.20"]
[EventType "tourn"]
[EventRounds "9"]
[EventCountry "DEN"]
[SourceTitle "EXT 2023"]
[Source "ChessBase"]
[SourceDate "2022.10.05"]
[SourceVersion "1"]
[SourceVersionDate "2022.10.05"]
[SourceQuality "1"]

1. e4 e5 2. Nf3 Nc6 3. Bc4 Nf6 4. d4 exd4 5. 0-0 Bc5 6. e5 d5 7. exf6 dxc4 8. Re1+ Be6 9. Ng5 Qxf6 10. Nxe6 fxe6 11. Qh5+ Kd7 12. Qxc5 Rhf8 13. f3 Rae8 14. Qxc4 Kc8 15. Nd2 g5 16. Ne4 Qg7 17. Bxg5 Rf5 18. Bh4 Kb8 19. Bg3 h5 20. Nc5 e5 21. Qb5 Nd8 22. Qxe8 1-0

[Event "Schleswig Holstein-ch cand"]
[Site "Eckernfoerde"]
[Date "2016.03.23"]
[Round "6"]
[White "Heinemann, Guido"]
[Black "Goetz, Dirk"]
[Result "1-0"]
[WhiteElo "1859"]
[BlackElo "1802"]
[PlyCount "65"]
[EventDate "2016.03.19"]
[EventType "swiss"]
[EventRounds "9"]
[EventCountry "GER"]
[SourceTitle "EXT 2018"]
[Source "ChessBase"]
[SourceDate "2017.10.13"]
[SourceVersion "1"]
[SourceVersionDate "2017.10.13"]
[SourceQuality "1"]

1. e4 e6 2. d4 d5 3. Nc3 Nf6 4. Bg5 Be7 5. e5 Nfd7 6. h4 Nc6 7. Bxe7 Nxe7 8. Bd3 a6 9. f4 c5 10. Nf3 c4 11. Be2 Nf5 12. Kf2 b5 13. a3 Bb7 14. g4 Ne7 15. h5 Qb6 16. Kg3 0-0-0 17. a4 b4 18. a5 Qa7 19. Na2 Nc6 20. Qd2 f6 21. Nxb4 fxe5 22. fxe5 Rhf8 23. Nxc6 Bxc6 24. Rhf1 h6 25. Nh4 Rxf1 26. Rxf1 Nf8 27. Ng6 Nxg6 28. hxg6 Be8 29. b3 Bxg6 30. bxc4 dxc4 31. c3 Qc7 32. Qa2 Be4 33. Qxc4 1-0

[Event "Schleswig Holstein-ch cand"]
[Site "Eckernfoerde"]
[Date "2016.03.21"]
[Round "3"]
[White "Jacobsen, Uwe"]
[Black "Heinemann, Guido"]
[Result "1-0"]
[WhiteElo "1937"]
[BlackElo "1859"]
[PlyCount "31"]
[EventDate "2016.03.19"]
[EventType "swiss"]
[EventRounds "9"]
[EventCountry "GER"]
[SourceTitle "EXT 2018"]
[Source "ChessBase"]
[SourceDate "2017.10.13"]
[SourceVersion "1"]
[SourceVersionDate "2017.10.13"]
[SourceQuality "1"]

1. d4 d5 2. Nf3 Nf6 3. c4 e6 4. Nc3 c5 5. cxd5 cxd4 6. Qxd4 Na6 7. Bg5 Be7 8. e4 exd5 9. exd5 Nb4 10. 0-0-0 Qa5 11. d6 Nxa2+ 12. Nxa2 Qxa2 13. Bxf6 Bf5 14. Bb5+ Kd8 15. dxe7+ Kc7 16. Qd6+ 1-0

[Event "Schleswig Holstein-ch Seniors"]
[Site "Leck"]
[Date "2014.04.17"]
[Round "8"]
[White "Rickert, Heiko"]
[Black "Heinemann, Guido"]
[Result "1-0"]
[WhiteElo "1922"]
[BlackElo "1852"]
[PlyCount "65"]
[EventDate "2014.04.12"]
[EventType "swiss"]
[EventRounds "9"]
[EventCountry "GER"]
[SourceTitle "EXT 2018"]
[Source "ChessBase"]
[SourceDate "2017.10.13"]
[SourceVersion "1"]
[SourceVersionDate "2017.10.13"]
[SourceQuality "1"]

1. e4 e5 2. Nf3 Nc6 3. Bc4 Nf6 4. d3 Be7 5. c3 d6 6. Bb3 0-0 7. h3 h6 8. 0-0 Be6 9. Re1 Qd7 10. Nbd2 Rad8 11. Nf1 a6 12. Ng3 Na5 13. Bc2 c5 14. d4 cxd4 15. cxd4 exd4 16. Nxd4 Nc6 17. Ngf5 Nxd4 18. Nxe7+ Qxe7 19. Qxd4 Rc8 20. Bd3 Rc5 21. Bf4 Rd8 22. b4 Rh5 23. Re3 g5 24. Bg3 d5 25. e5 Ne4 26. Rxe4 dxe4 27. Qxe4 f5 28. exf6 Qxf6 29. Re1 Bf7 30. Be5 Bg6 31. Bc4+ Kh7 32. Bxf6 Bxe4 33. Bxd8 1-0

[Event "Schleswig Holstein-ch Seniors"]
[Site "Leck"]
[Date "2014.04.13"]
[Round "2"]
[White "Bahr, Torsten"]
[Black "Heinemann, Guido"]
[Result "1-0"]
[WhiteElo "1935"]
[BlackElo "1852"]
[PlyCount "39"]
[EventDate "2014.04.12"]
[EventType "swiss"]
[EventRounds "9"]
[EventCountry "GER"]
[SourceTitle "EXT 2018"]
[Source "ChessBase"]
[SourceDate "2017.10.13"]
[SourceVersion "1"]
[SourceVersionDate "2017.10.13"]
[SourceQuality "1"]

1. d4 e6 2. Nf3 c5 3. Nc3 d5 4. e4 cxd4 5. Qxd4 Nc6 6. Bb5 Qf6 7. exd5 exd5 8. Nxd5 Qxd4 9. Nxd4 Kd7 10. Bf4 Bd6 11. 0-0-0 Bxf4+ 12. Nxf4 Kc7 13. Nd5+ Kd6 14. Nxc6 bxc6 15. Nb6+ Kc5 16. Nxa8 cxb5 17. Rd8 Be6 18. Nc7 Bg4 19. Re1 Kc6 20. Nd5 1-0